000 00606nab a2200181 4500
001 244442
003 OSt
005 20250108090047.0
007 tu
008 200917s2020|||||||
040 _aDE-2950
_cDE-2950
245 0 0 _aDer Stadtraum als Leinwand
_bAktionskunst. Michael Kurzwelly , Erfinder von Slubfurt, hat sich sein Bundesverdienstkreuz nicht einfach nur ans Jackett geklemmt/
_cRené Matschkowiak
264 _c2024
653 _aFrankfurt (Oder)
653 _aMichael Kurzwelly
773 0 _g35. Jahrgang (2024) Nr. 303 vom 30.12.2024, S. 15 mit Foto
_tMärkische Oderzeitung
942 _2z
_cA
999 _c373533
_d373533